000 00355nam a2200145Ia 4500
008 240624s9999 xx 000 0 und d
041 _aeng
082 _a658.5 OLS
100 _aOLSON L DAVID
245 _aENTERPRISE RISK MANAGEMENT MODELS
250 _a(3rd ed.)
260 _c2020
_aGermany
_bSpringer
300 _a225p. ;23cm.
365 _cERU
_b33
999 _c32618
_d32618